Doctrina social católica de León XIII y Pío XI / (Record no. 99130)

MARC details
000 -LEADER
campo de control de longitud fija 00841nam a2200241 i 4500
001 - NÚMERO DE CONTROL
campo de control 99130
003 - IDENTIFICADOR DE NÚMERO DE CONTROL
campo de control ES-MaACL
005 - FECHA Y HORA DE LA ÚLTIMA TRANSACCIÓN
campo de control 20250813062600.0
007 - CAMPO FIJO DE DESCRIPCIÓN FÍSICA--INFORMACIÓN GENERAL
campo de control de longitud fija t|
008 - DATOS DE LONGITUD FIJA--INFORMACIÓN GENERAL
campo de control de longitud fija 050902s1936 sp ||||1| spa d
100 1# - ENTRADA PRINCIPAL--NOMBRE DE PERSONA
Nombre de persona Martín Artajo, Alberto,
Fechas asociadas al nombre 1905-1979
9 (RLIN) 184516
245 10 - MENCIÓN DEL TÍTULO
Título Doctrina social católica de León XIII y Pío XI /
Mención de responsabilidad, etc. Alberto Martín Artajo, Maximo Cuervo, Federico Rodríguez; prólogo del Excmo. y Rvdo. Señor D. Angel Herrera, Obispo de Málaga.
250 ## - MENCION DE EDICION
Mención de edición 3ª ed.
260 ## - PUBLICACIÓN, DISTRIBUCIÓN, ETC.
Lugar de publicación, distribución, etc. Barcelona :
Nombre del editor, distribuidor, etc. Labor,
Fecha de publicación, distribución, etc. 1936.
300 ## - DESCRIPCIÓN FÍSICA
Extensión 318 p., 3 lám. ;
Dimensiones 18 cm.
490 1# - MENCIÓN DE SERIE
Mención de serie Labor
700 1# - ENTRADA AGREGADA--NOMBRE PERSONAL
Nombre de persona Cuervo, Máximo.
9 (RLIN) 42020
700 1# - ENTRADA AGREGADA--NOMBRE PERSONAL
Nombre de persona Rodríguez, Federico.
9 (RLIN) 98238
700 1# - ENTRADA AGREGADA--NOMBRE PERSONAL
Nombre de persona Herrera Oria, Ángel,
Fechas asociadas al nombre 1886-1968
9 (RLIN) 63232
830 00 - PUNTO DE ACCESO ADICIONAL DE SERIE-TÍTULO UNIFORME
Título uniforme Colección Labor
9 (RLIN) 184254
852 ## - LOCALIZACIÓN
Ubicación ES-MaACL
Número de control de estantería C-11461
Sublocalización o colección R.39324
Holdings
Estatus retirado Estado de pérdida Estado de daño No para préstamo Biblioteca de origen Biblioteca actual Ubicación en estantería Fecha de adquisición Fuente de adquisición Total de préstamos Signatura topográfica completa Código de barras Visto por última vez Precio de reemplazo Tipo de ítem Koha
        Biblioteca del Ateneo de Madrid Biblioteca del Ateneo de Madrid Sala Palomar 17/01/2008     C-11461 1103493 23/02/2023 23/02/2023 Libro impreso